Realms of gold: (Record no. 11660)

MARC details
000 -LEADER
fixed length control field 00771 a2200217 4500
010 ## - LIBRARY OF CONGRESS CONTROL NUMBER
LC control number ENG-89939
020 ## - INTERNATIONAL STANDARD BOOK NUMBER
International Standard Book Number 8125032649
Terms of availability 60.00
035 ## - SYSTEM CONTROL NUMBER
System control number EN-73472
037 ## - SOURCE OF ACQUISITION
Source of stock number/acquisition DBAD / PUB
082 14 - DEWEY DECIMAL CLASSIFICATION NUMBER
Classification number 880
090 ## - LOCALLY ASSIGNED LC-TYPE CALL NUMBER (OCLC); LOCAL CALL NUMBER (OCLC)
-- 12014
-- 12014
245 1# - TITLE STATEMENT
Title Realms of gold:
Statement of responsibility, etc edited by Sarjerao Sagare, Nivrutti Pawar [and] Ramesh Ingale
Remainder of title an anthology for degree classes/
260 ## - PUBLICATION, DISTRIBUTION, ETC. (IMPRINT)
Place of publication, distribution, etc New Delhi
Name of publisher, distributor, etc Orient Longman
Date of publication, distribution, etc 2007
270 ## - ADDRESS
Address 1/24, Asaf Ali Road,
City New Delhi
Postal code 110002
Electronic mail address delgeneral@orientlongman.com
State or province Delhi
300 ## - PHYSICAL DESCRIPTION
Extent vi, 225p.
Dimensions 22 cm (pbk)
700 ## - ADDED ENTRY--PERSONAL NAME
Personal name Sagare, Sarjerao
700 ## - ADDED ENTRY--PERSONAL NAME
Personal name Pawer, Nivrutti
700 ## - ADDED ENTRY--PERSONAL NAME
Personal name Ingale, Ramesh
942 ## - ADDED ENTRY ELEMENTS (KOHA)
Institution code [OBSOLETE] dpl
Koha item type English Books
Call number prefix 880 / REA
Holdings
Withdrawn status Lost status Source of classification or shelving scheme Damaged status Not for loan Collection code Home library Current library Source of acquisition Cost, normal purchase price Total Checkouts Full call number Barcode Date last seen Copy number Uniform Resource Identifier Cost, replacement price Price effective from Koha item type
    Dewey Decimal Classification   Not For Loan Non-fiction D.B.Act.Division D.B.Act.Division DBAD/PUB 60.00   880 EN-73472 15/09/2008 1 12774 60.00 15/09/2008 English Books

© Delhi Public Library
Hit Counter
free hit counter